000 00872nam a22002177a 4500
999 _c5255
_d5255
003 AR-CdUCM
008 190312b ||||| |||| 00| 0 spa d
040 _aMUNICIPALIDAD PROVINCIAL DEL CUSCO
_cBIBLIOTECA MUNICIPAL DEL CUSCO
082 _a869.56 /
_bG11
100 _aGabaldoni, Luis E.
_915455
245 _aCajón de sastre /
260 _aLima :
_bTalleres Gráficos P.L. Villanueva,
_c1960.
300 _a390 páginas ;
_c21 cm.
500 _aDonación familia Luis Nieto
505 _aContenido: Divagaciones de un joven errático y escritor al dictado, en Roma, capital de la bohemia espiritual -- Santa Rosa de Lima -- María Micaela Villegas, "La Perricholi" -- La quebrada de los baños de Barranco...
650 _aEnsayos peruanos
_9233
650 _aEnsayos descriptivos
_99887
650 _aLa perricholi
_915913
942 _2ddc
_cLIBROS
945 _adavv